Chemoenzymatická príprava vybraných chromogénnych substrátov

Salvato in:
Dettagli Bibliografici
Autore principale: Kalivodová, Martina (Autore)
Altri autori: Hronská, Helena (Relatore della tesi)
Natura: Manoscritto Libro
Lingua:slovacco
Pubblicazione: 2017
Soggetti:
Accesso online:http://is.stuba.sk/zp/portal_zp.pl?podrobnosti=128525
Tags: Aggiungi Tag
Nessun Tag, puoi essere il primo ad aggiungerne!!

MARC

LEADER 00000ntm a22000003a 4500
001 stuzp64326
003 SK-STU
005 20170610211159.3
007 ta
008 150427s2015----xo-----f-mn---000-0-slo-d
040 |a STU  |b slo 
041 0 |a slo 
100 1 |a Kalivodová, Martina  |u 044000  |4 aut  |U FCHPT Fakulta chemickej a potravinárskej technológie  |T FCHPT Ústav biotechnológie  |X 60820  |U C4000  |Y 102  |7 60820 
242 0 1 |a Chemoenzymatic Synthesis of Selected Chromogenic Substrates  |y eng 
245 1 0 |a Chemoenzymatická príprava vybraných chromogénnych substrátov 
260 |c 2017 
650 4 |a glykozidázy  |2 slo 
650 4 |a glykozidy  |2 slo 
650 4 |a chromogénne substráty  |2 slo 
650 4 |a glycosides  |2 eng 
650 4 |a glycosidases  |2 eng 
650 4 |a chromogenic substrates  |2 eng 
700 1 |a Hronská, Helena  |u 044000  |k Z1  |4 ths  |U FCHPT Fakulta chemickej a potravinárskej technológie  |T FCHPT Ústav biotechnológie  |X 4690  |U C4000  |Y 102  |7 A000004690 
856 4 |u http://is.stuba.sk/zp/portal_zp.pl?podrobnosti=128525